The Bribery Act (Record no. 112165)

MARC details
000 -LEADER
fixed length control field 00898cad a22002055a 4500
001 - CONTROL NUMBER
control field L152684
008 - FIXED-LENGTH DATA ELEMENTS--GENERAL INFORMATION
fixed length control field 110412s2011 xxk f 000 0 eng d
035 ## - SYSTEM CONTROL NUMBER
System control number (Sirsi) u152684
041 0# - LANGUAGE CODE
Language code of text/sound track or separate title eng
110 2# - MAIN ENTRY--CORPORATE NAME
Corporate name or jurisdiction name as entry element CMS Cameron McKenna
9 (RLIN) 5874
245 04 - TITLE STATEMENT
Title The Bribery Act
Remainder of title the countdown begins
Medium [electronic resource]
260 ## - PUBLICATION, DISTRIBUTION, ETC.
Place of publication, distribution, etc. London
Name of publisher, distributor, etc. CMS Cameron McKenna LLP
Date of publication, distribution, etc. 2011
490 #0 - SERIES STATEMENT
Series statement Law-Now Article
520 ## - SUMMARY, ETC.
Summary, etc. Looks at the Guidance for The Bribery Act 2010; government policy and intention; statutory guidance; case studies and comment; associated person, joint ventures, corporate hospitality, facilitation payments.
590 ## - LOCAL NOTE (RLIN)
Local note KA NTK
651 #4 - SUBJECT ADDED ENTRY--GEOGRAPHIC NAME
Geographic name United Kingdom
Chronological subdivision
690 ## - LOCAL SUBJECT ADDED ENTRY--TOPICAL TERM (OCLC, RLIN)
Topical term or geographic name as entry element MANAGEMENT-BUSINESS MANAGEMENT-PROFESSIONAL PRACTICE
856 40 - ELECTRONIC LOCATION AND ACCESS
Uniform Resource Identifier <a href="https://www.law-now.com/law-now/2011/briberycommmar11.htm">https://www.law-now.com/law-now/2011/briberycommmar11.htm</a>
Public note Register for this free online information service at www.law-now.com
942 ## - ADDED ENTRY ELEMENTS (KOHA)
Suppress in OPAC 0
Holdings
Withdrawn status Lost status Source of classification or shelving scheme Damaged status Not for loan Home library Current library Shelving location Date acquired Total Checkouts Full call number Barcode Date last seen Copy number Price effective from Koha item type
    Dewey Decimal Classification     Virtual Virtual Online 12/04/2011   ONLINE PUBLICATION 152684-2001 06/08/2019 1 06/08/2019 Book